000 01214nam a2200325 i 4500
003 EG-GICUC
005 20260420132947.0
008 260420s1958 fr fr|||| 001 0 fre d
040 _aEG-GiCUC
_bfre
_cEG-GiCUC
_dEG-GiCUC
_eRda
041 _afre
082 0 4 _221
_a343
_bGO . D
092 0 4 _221
099 _aLaw1 10 343 Go . D 1 Ed - 1958
100 1 _aGoyet, F
_eAuteur
245 _aDroit pénal spécial :
_b7e édition entièrement refondue et mise à jour par Marcel Rousselet et Maurice Patin,
_c F. Goyet.
250 _a 7e édition entièrement refondue et mise à jour.
264 _aParis :
_bSirey,
_c1958.
300 _a785 page :
_billustration ;
_c 24 cm.
336 _2rda contenu
_a texte
337 _2rda medias
_aOrdinateur
338 _2 transporteur rda
_a Ressource en ligne
500 _aMarcel Rousselet est Premier Président de la Cour d'Appel de Paris ; Maurice Patin est Président de la Chambre Criminelle de la Cour de Cassation.
546 _aTexte en français
650 1 _a Droit pénal.
_2qrmak
651 1 _2qrmak
700 1 _a Rousselet, Marcel,
856 4 0 _uhttps://fll.law.cu.edu.eg/fulltext/bks/B10-09553.pdf
905 _a171
942 _2ddc
_cBK
_e21
_n0
999 _c72172
_d72172